Statistics for "High Caution" Countries for French Citizens

Click here to take the quiz!

General Stats

  • This quiz has been taken 5 times
    (4 since last reset)
  • The average score is 43 of 105

Answer Stats

Answer% Correct
Algeria
75%
Angola
75%
Zambia
75%
Armenia
50%
Azerbaijan
50%
Belize
50%
Benin
50%
Bhutan
50%
Bolivia
50%
Brazil
50%
Cambodia
50%
Cameroon
50%
Chile
50%
Colombia
50%
Comoros
50%
Costa Rica
50%
Cote d'Ivoire
50%
Cuba
50%
Djibouti
50%
East Timor
50%
Ecuador
50%
Egypt
50%
El Salvador
50%
Equatorial Guinea
50%
Ethiopia
50%
Gabon
50%
Gambia
50%
Georgia
50%
Guatemala
50%
Guinea
50%
Guinea-Bissau
50%
Guyana
50%
Indonesia
50%
Jordan
50%
Kazakhstan
50%
Kenya
50%
Kyrgyzstan
50%
Laos
50%
Lebanon
50%
Liberia
50%
Madagascar
50%
Malawi
50%
Maldives
50%
Mexico
50%
Moldova
50%
Mozambique
50%
Myanmar
50%
Namibia
50%
Nepal
50%
Nicaragua
50%
Panama
50%
Paraguay
50%
Peru
50%
Sao Tome and Principe
50%
Saudi Arabia
50%
Senegal
50%
Seychelles
50%
Sierra Leone
50%
South Africa
50%
Sri Lanka
50%
Suriname
50%
Tajikistan
50%
Tanzania
50%
Thailand
50%
Togo
50%
Tunisia
50%
Turkey
50%
Turkmenistan
50%
Ukraine
50%
Vietnam
50%
Bahamas
25%
Botswana
25%
Burkina Faso
25%
Burundi
25%
Cape Verde
25%
Dominica
25%
Dominican Republic
25%
eSwatini
25%
Fiji
25%
Ghana
25%
India
25%
Israel and the Occupied Territories
25%
Jamaica
25%
Lesotho
25%
Malaysia
25%
Mauritania
25%
Papua New Guinea
25%
Philippines
25%
Republic of the Congo
25%
Saint Kitts and Nevis
25%
Saint Lucia
25%
Saint Vincent and the Grenadines
25%
Solomon Islands
25%
Uganda
25%
Uzbekistan
25%
Vanuatu
25%
Zimbabwe
25%
Antigua and Barbuda
0%
Bahrain
0%
Barbados
0%
Grenada
0%
Palau
0%
Rwanda
0%
Tonga
0%
Trinidad and Tobago
0%

Score Distribution

Percentile by Number Answered

Percent of People with Each Score

Your Score History

You have not taken this quiz since the last reset